Paulistão 2026 - Statistics

Estatísticas Gerais
  • Esse quiz foi jogado 124 vezes
    39 desde o último reset
  • A pontuação média é 9 de 16
Estatísticas das Respostas
Cidade Time % Correto
São Paulo Corinthians
87%
São Paulo Palmeiras
87%
Santos Santos
87%
Campinas Ponte Preta
77%
São Paulo São Paulo
77%
Capivari Capivariano
70%
Campinas Guarani
67%
Mirassol Mirassol
67%
Novo Horizonte Novorizontino
50%
Bragança Paulista Red Bull Bragantino
50%
Ribeirão Preto Botafogo-SP
43%
Bauru Noroeste
43%
São Bernardo do Campo São Bernardo
40%
São Paulo Portuguesa
30%
Rio Claro Velo Clube
27%
Indaiatuba Primavera
0%
Nenhum quiz correspondente encontrado
Distribuição das Pontuações
Porcentagem de Pessoas com Cada Pontuação
Percentil de Números Respondidos
Sua Pontuação Histórica
Você não jogou esse quiz desde o último reset